| 000 | 01213cam a22003377a 4500 | ||
|---|---|---|---|
| 003 | CHAP | ||
| 005 | 20220817043007.0 | ||
| 008 | 971013s1994 r 00010 d | ||
| 010 | _a62131 | ||
| 011 | _a63103 | ||
| 035 | _a67279 | ||
| 040 | _cCHAP | ||
| 082 |
_a338.14 _bP4 |
||
| 100 | 0 | 0 |
_aPeniche Patrón, Noé Antonio. _986680 |
| 245 | 1 | 3 |
_aEl sector agropecuario y el TLC que suscribimos con Estados Unidos y Canadá _b: riesgos y oportunidades para el campo yucateco |
| 260 |
_aMérida, Yuc. : _bGobierno del Estado, _c1994 |
||
| 300 |
_a400 p. _b: ilus. |
||
| 590 |
_aBATCH-UPD _b10 _c20130110 _lUCH01 _h0741 |
||
| 590 |
_aBATCH-UPD _b10 _c20130410 _lUCH01 _h0422 |
||
| 590 |
_aBATCH-UPD _b10 _c20130914 _lUCH01 _h0037 |
||
| 590 |
_aCONVERSION _b10 _c20130109 _lUCH01 _h1333 |
||
| 650 | 0 | 4 |
_aMéxico _xComercio _zE.U.A. |
| 650 | 1 | 4 |
_aAgricultura _xAspectos economicos _zMexico. _91312 |
| 650 | 1 | 4 |
_aAgricultura _xYucatán. _91902 |
| 650 | 1 | 4 |
_aMéxico _xComercio _xCanadá. _976677 |
| 650 | 1 | 4 |
_aProductos pecuarios _xYucatán. _992200 |
| 650 | 1 | 4 | _aTratado Trilateral de Libre Comercio. |
| 901 | _aBK | ||
| 942 | _cLIBRO | ||
| 949 |
_a338.14 P4 _bBC _cLIBRO _d33724000630976 _eLIBRO _gI. c/e _h91683 _i67279 _si _t50.00 |
||
| 999 |
_c62131 _d62131 |
||